000 00527nam a2200217Ia 4500
008 210210b2010 xxu||||| |||| 00| 0 eng d
020 _a8187134321
041 _aeng
082 _a574.5 DASE
100 _aDAS (Asim K)
245 _aEnvironmental chemistry with green chemistry
260 _aKolkata
_bBooks & Allied (P) Ltd.
_c2010
300 _aviii,752
650 _awith
650 _agreen
650 _aEnvironmental
650 _achemistry
690 _aEcology
700 _aDAS (Mahua)
906 _a064760
999 _c141709
_d141709